| 000 | 01288nam0a2200313 4500 | ||
|---|---|---|---|
| 001 | RU\NLR\BIBL_A\010876029 | ||
| 005 | 20260406012038.0 | ||
| 010 |
_a978-5-4279-0002-7 _95000 |
||
| 035 | _a(NILC)RuMoRGB-008013905 | ||
| 035 | _a(NLR Aleph) 010876029 | ||
| 090 |
_a10481161 _c10481161 |
||
| 100 | _a20151026d2015 |||y0rusy50 ca | ||
| 101 | 1 |
_aeng _crus |
|
| 102 |
_aUS _aRU |
||
| 105 | _ay|||w|||000yy | ||
| 200 | 1 |
_aInstructions for the immortal, or What to do, if you still die _fPriest Daniel Sysoev _g[transl. by Deacon Leonid Mickle] |
|
| 210 |
_a[Voorhees], N. J. _cDaniel Sysoev Inc. _aUlyanovsk _cUlyanovskiy dom pechaty _d2015 |
||
| 215 |
_a95 с. _d17 |
||
| 517 | 1 | _aWhat to do, if you still die | |
| 541 | 1 | _aИнструкция для бессмертия, или что делать, если вы еще мертвы | |
| 606 | 1 |
_aБессмертие _xПравославная концепция _92258610 _3RU\NLR\AUTH\6601584339 |
|
| 686 | 1 | _aЭ372.24-422.2 | |
| 700 | 1 |
_8rus _7ba _aSysoev _bD. A. _cсвященнослужитель _f1974-2009 _gDaniil Alekseevič _3RU\NLR\AUTH\77117544 _9100469 |
|
| 801 | 0 |
_aRU _bРГБ _c20150907 _gRCR |
|
| 942 | _cBOOK | ||
| 980 | _aNB | ||